000 01014nam a2200265 a 4500
001 BRCA_8440
005 20190320210259.0
008 170608s1967----sp-#######---#000-0#spa-#
041 _aspa
044 _asp
050 4 _aPQ6323
_b.C47 1967
100 1 _aCervantes Saavedra, Miguel de
_d1547-1616
_9213
245 1 0 _aEl Ingenioso Hidalgo Don Quijote de la Mancha
_cMiguel de Cervantes Saavedra.
260 _aMadrid
_bEspasa-Calpe
_c1967
300 _a810 p.
_bil.
_c23 cm.
500 _aIlustrado con estampas escogidas de las más celebradas ediciones en diferentes épocas y países
500 _aEstado físico : p. 41 y 42 faltantes
500 _aLibro donado por el C.P. Eduardo Creel, Boletín MFM #10, nov.-dic. 1985
650 1 4 _aNovela española
_yÉpoca clásica, 1500-1700
_9215
650 1 4 _aLiteratura española
_yÉpoca clásica, 1500-1700
_9216
650 1 4 _aNovela española
_ySiglo XVII
_9217
650 1 4 _aDon Quijote (Personaje ficticio)
_xNovela
_921131
902 _aQAG
942 _2lcc
_cB
999 _c8107
_d8107